[Event "1st Archibald 2019"]
[Site "Sochi"]
[Date "2019.05.12"]
[Round "1.10"]
[White "Potapova, Margarita"]
[Black "Gareyev, Timur"]
[Result "0-1"]
[WhiteElo "2253"]
[BlackElo "2570"]
[Annotator "TA"]
[PlyCount "112"]
[EventDate "2019.05.12"]
[EventType "swiss"]
[EventCountry "RUS"]
[SourceTitle "playchess.com"]
[Source "ChessBase"]
[SourceQuality "1"]

{[%evp 16,112,74,55,67,38,56,48,54,46,50,43,68,11,14,7,42,35,42,12,29,20,41,10,9,0,5,0,0,0,0,-18,87,73,56,48,104,20,43,13,11,13,17,15,13,0,0,0,0,-103,-112,-315,-218,-170,-218,-217,-229,-230,-226,-229,-230,-389,-383,-382,-353,-5615,-5628,-29990,-1332,-29989,-29969,-29990,-801,-1128,-895,-29992,-29993,-29993,-666,-29992,-29993,-29993,-29983,-29983,-29984,-29983,-29984,-29984,-29985,-29985,-29986,-29988,-29989,-29989,-29990,-29990,-29989,-29990,-29978]} 1. d4 d5 2. c4 e6 3. Nc3 c5 4. cxd5 cxd4 5. Qa4+ Bd7 6. Qxd4 exd5 7. Qxd5 Nf6 8. Qb3 Nc6 9. Nf3 Be6 {D32: Tarrasch Defence: Sidelines and lines without g3} (9... Bc5 10. e3 O-O 11. Be2 Be6 12. Qa4 a6 13. O-O b5 14. Qc2 Nb4 15. Qb1 Rc8 16. Rd1 Qe7 17. Ng5 Bc4 18. a3 Bxe2 19. Nxe2 {½-½ (30) Georgiev,K (2675)-Sedlak,N (2557) Cetinje 2010}) 10. Qa4 Bb4 11. Bd2 $146 ({Predecessor:} 11. e3 Ne4 12. Bd2 Nxd2 13. Nxd2 O-O 14. Be2 Bd5 15. Nf3 Bxf3 16. Bxf3 Ne5 17. Be4 Bxc3+ 18. bxc3 Nd3+ {½-½ (18) Mason,I (2195)-Palladino,M (1999) ICCF email 2010}) 11... Nd5 {White is slightly better.} 12. Nxd5 Bxd2+ 13. Nxd2 {aiming for Nf4.} Qxd5 14. e4 (14. e3 $14) 14... Qe5 $11 15. Qb5 O-O-O 16. Qxe5 Nxe5 17. Be2 (17. f4 $5 {[%cal Rf4e5]} Ng4 18. f5 $14) 17... Rd4 18. f4 Nc6 19. a3 Rhd8 20. Rd1 f5 21. Bf3 g5 22. fxg5 Ne5 23. Ke2 Nd3 (23... fxe4 $11 24. Rc1+ Bc4+ 25. Nxc4 exf3+ 26. gxf3 Nxc4) 24. exf5 Bxf5 25. Nb3 R4d6 (25... Rc4 $14) 26. Na5 ({White should try} 26. Nc1 $16) 26... b6 27. Nc4 Re6+ $1 28. Kf1 b5 $1 {[%cal Rb5c4]} 29. Na5 Rde8 $1 {( -> ...Re1+)} 30. g4 Bg6 31. h4 {Threatens to win with h5.} Re3 $36 {[%mdl 2048] Black is pushing.} 32. Kg2 (32. Bb7+ $11 {remains equal.} Kc7 33. Rh2) 32... Be4 $1 $17 {[%cal Re4f3]} 33. Rc1+ $2 (33. Rh3 $17 {is a better defense.}) 33... Nxc1 34. Rxc1+ Kd7 35. Rd1+ Kc7 {[%mdl 1024] Black has strong compensation.} 36. Rc1+ Kd6 37. Rd1+ Ke5 38. Nc6+ $2 (38. Bxe4 {is the only way for White.} Kxe4 39. Rf1) 38... Kf4 $19 39. Bxe4 R8xe4 ({Much less strong is} 39... R3xe4 40. Rf1+ Kxg4 41. Nxa7 $19) 40. Nxa7 $2 {[%mdl 4096] Endgame KRR-KRN} (40. Nd4) 40... Re2+ 41. Kf1 Rxb2 (41... Ke3 $142 42. Rd6 Rf4+ 43. Kg1 Rxg4+ {[%mdl 64] Double Attack} 44. Kh1 Kf2 45. Rf6+ Kg3 $1 {[%mdl 512]} 46. Kg1 Rxh4 47. Kf1 Re3 48. Kg1 Rh1+ $1 {[%mdl 576] Decoy, Back Rank} 49. Kxh1 Re1+ 50. Rf1 Rxf1#) 42. g6 hxg6 43. h5 g5 (43... Kg3 $142 44. hxg6 Rxg4 45. Rd7 Rc4 46. Ke1 Rc1+ 47. Rd1 Rcc2 48. Rd3+ Kf4 49. Kd1 {[#]} Ra2 $1 {[%mdl 512]} 50. Nxb5 Rh2 51. Rd4+ Ke3 52. Re4+ {[%mdl 64] Decoy} Kxe4 53. Nc3+ Kd3 $1 {[%mdl 512]} 54. Kc1 Kxc3 55. Kb1 Rxa3 56. g7 Rh1#) 44. h6 Re3 45. Rd5 Kg3 46. Rd1 Kxg4 (46... Rf2+ $142 47. Kg1 Rg2+ 48. Kf1 Kh2 49. Rd2 Rxd2 50. Nxb5 Kg3 51. Nc3 Rf2+ 52. Kg1 Re1#) 47. Rd4+ Kg3 {Black mates.} 48. Rd1 Rxa3 49. h7 Rf2+ 50. Kg1 Rg2+ 51. Kh1 Rh2+ {[%mdl 64] Double Attack} 52. Kg1 Rxh7 53. Nxb5 {[#]} Rd7 $1 {[%cal Rd7d1][%mdl 512]} 54. Rc1 (54. Rxd7 Ra1+) 54... Re3 55. Nc3 Rdd3 56. Nb5 Kh3 {Accuracy: White = 32%, Black = 61%.} 0-1

[Event "1st Archibald 2019"]
[Site "Sochi"]
[Date "2019.05.12"]
[Round "1.11"]
[White "Stupak, Kirill"]
[Black "Azimov, Ilyas"]
[Result "1-0"]
[WhiteElo "2551"]
[BlackElo "2223"]
[Annotator "ChessBase"]
[PlyCount "133"]
[EventDate "2019.05.12"]
[EventType "swiss"]
[EventCountry "RUS"]
[SourceTitle "playchess.com"]
[Source "ChessBase"]
[SourceQuality "1"]
[TimeControl "5400+30"]

1. d4 {[%emt 0:00:00]} Nf6 {[%emt 0:00:00]} 2. g3 {[%emt 0:00:00]} d5 {[%emt 0:00:00]} 3. Bg2 {[%emt 0:00:00]} c6 {[%emt 0:00:18]} 4. Nf3 {[%emt 0:00:00]} Bf5 {[%emt 0:00:41]} 5. O-O {[%emt 0:00:01]} e6 {[%emt 0:00:02]} 6. c4 {[%emt 0:00:00]} Nbd7 {[%emt 0:01:55]} 7. Nc3 {[%emt 0:00:00]} h6 {[%emt 0:01:18]} 8. Qb3 {[%emt 0:00:27]} Qb6 {[%emt 0:00:15]} 9. c5 {[%emt 0:00:02]} Qxb3 {[%emt 0:00:31]} 10. axb3 {[%emt 0:00:00]} a6 {[%emt 0:00:37]} 11. b4 {[%emt 0:00:00]} Rc8 {[%emt 0:00:00]} 12. Nd2 {[%emt 0:00:16]} Be7 {[%emt 0:03:01]} 13. Nb3 {[%emt 0:00:41]} Bd8 {[%emt 0:01:17]} 14. Bf4 {[%emt 0:00:04]} Bc7 {[%emt 0:01:29]} 15. Bxc7 {[%emt 0:01:03]} Rxc7 {[%emt 0:00:06]} 16. b5 {[%emt 0:00:04]} Nb8 {[%emt 0:10:35]} 17. b6 {[%emt 0:07:07]} Re7 {[%emt 0:01:55]} 18. f3 {[%emt 0:01:01]} e5 {[%emt 0:12:06]} 19. e4 {[%emt 0:06:59]} dxe4 {[%emt 0:02:22]} 20. fxe4 {[%emt 0:00:31]} exd4 {[%emt 0:01:42]} 21. Nd5 {[%emt 0:19:09]} cxd5 {[%emt 0:09:45]} 22. exf5 {[%emt 0:00:54]} Nc6 {[%emt 0:02:22]} 23. Rfd1 {[%emt 0:02:35]} Kd7 {[%emt 0:03:36]} 24. Nxd4 {[%emt 0:00:36]} Nxd4 {[%emt 0:00:54]} 25. Rxd4 {[%emt 0:00:01]} Kc6 {[%emt 0:01:00]} 26. b4 {[%emt 0:00:06]} Rhe8 {[%emt 0:02:03]} 27. g4 {[%emt 0:04:52]} Re1+ {[%emt 0:11:38]} 28. Rxe1 {[%emt 0:00:35]} Rxe1+ {[%emt 0:00:03]} 29. Kf2 {[%emt 0:00:01]} Re5 {[%emt 0:03:58]} 30. Bf3 {[%emt 0:01:50]} Nd7 {[%emt 0:09:50]} 31. Rd1 {[%emt 0:16:52]} Nf6 {[%emt 0:03:53]} 32. Rd4 {[%emt 0:02:02]} Nd7 {[%emt 0:00:00]} 33. Kg3 {[%emt 0:00:46]} a5 {[%emt 0:05:30]} 34. bxa5 {[%emt 0:01:06]} Nxc5 {[%emt 0:00:50]} 35. Rd1 {[%emt 0:05:12]} f6 {[%emt 0:03:48]} 36. h4 {[%emt 0:05:25]} Kb5 {[%emt 0:01:36]} 37. Ra1 {[%emt 0:00:00]} Re3 {[%emt 0:04:13]} 38. Kf2 {[%emt 0:01:18]} Re5 {[%emt 0:00:24]} 39. Kg2 {[%emt 0:02:55]} Kc4 {[%emt 0:01:06]} 40. Rb1 {[%emt 0:02:29]} Re8 {[%emt 0:01:47]} 41. Rc1+ {[%emt 0:09:06]} Kb4 {[%emt 0:00:02]} 42. Bxd5 {[%emt 0:01:11]} Nd3 {[%emt 0:00:03]} 43. Rd1 {[%emt 0:03:25]} Nc5 {[%emt 0:00:14]} 44. Ra1 {[%emt 0:06:52]} Ra8 {[%emt 0:00:11]} 45. Re1 {[%emt 0:01:09]} Rd8 {[%emt 0:00:56]} 46. Bxb7 {[%emt 0:03:16]} Nxb7 {[%emt 0:00:00]} 47. a6 {[%emt 0:00:01]} Nc5 {[%emt 0:00:49]} 48. a7 {[%emt 0:00:13]} Kb5 {[%emt 0:00:27]} 49. Re7 {[%emt 0:00:13]} Kxb6 {[%emt 0:00:24]} 50. Rxg7 {[%emt 0:00:02]} Nb7 {[%emt 0:01:53]} 51. Rf7 {[%emt 0:00:53]} Kxa7 {[%emt 0:00:07]} 52. Rxf6 {[%emt 0:00:00]} Rh8 {[%emt 0:01:14]} 53. Kf3 {[%emt 0:00:40]} Nd8 {[%emt 0:00:17]} 54. g5 {[%emt 0:01:02]} hxg5 {[%emt 0:00:06]} 55. hxg5 {[%emt 0:00:01]} Kb7 {[%emt 0:00:15]} 56. Rd6 {[%emt 0:00:35]} Kc7 {[%emt 0:00:16]} 57. Rd1 {[%emt 0:00:08]} Nf7 {[%emt 0:00:44]} 58. g6 {[%emt 0:00:55]} Ne5+ {[%emt 0:01:56]} 59. Kf4 {[%emt 0:00:00]} Re8 {[%emt 0:00:20]} 60. g7 {[%emt 0:01:30]} Nf7 {[%emt 0:00:24]} 61. f6 {[%emt 0:00:06]} Ra8 {[%emt 0:00:45]} 62. Kf5 {[%emt 0:00:12]} Ra2 {[%emt 0:00:16]} 63. Re1 {[%emt 0:02:24]} Kd6 {[%emt 0:00:41]} 64. Kg6 {[%emt 0:00:29]} Ne5+ {[%emt 0:00:21]} 65. Rxe5 {[%emt 0:00:11]} Kxe5 {[%emt 0:00:05]} 66. f7 {[%emt 0:00:02]} Rg2+ {[%emt 0:00:09]} 67. Kh7 {[%emt 0:00:02]} 1-0

[Event "1st Archibald 2019"]
[Site "Sochi"]
[Date "2019.05.12"]
[Round "1.12"]
[White "Dashko, Andrey"]
[Black "Tsydypov, Zhamsaran"]
[Result "1/2-1/2"]
[WhiteElo "2211"]
[BlackElo "2546"]
[Annotator "ChessBase"]
[PlyCount "120"]
[EventDate "2019.05.12"]
[EventType "swiss"]
[EventCountry "RUS"]
[SourceTitle "playchess.com"]
[Source "ChessBase"]
[SourceQuality "1"]
[TimeControl "5400+30"]

1. e4 {[%emt 0:00:00]} c5 {[%emt 0:01:38]} 2. Nf3 {[%emt 0:00:27]} d6 {[%emt 0:00:07]} 3. d4 {[%emt 0:04:15]} cxd4 {[%emt 0:00:08]} 4. Nxd4 {[%emt 0:00:30]} Nf6 {[%emt 0:00:46]} 5. Nc3 {[%emt 0:00:36]} a6 {[%emt 0:00:07]} 6. f3 {[%emt 0:01:23]} e5 {[%emt 0:00:13]} 7. Nb3 {[%emt 0:00:14]} Be6 {[%emt 0:00:07]} 8. Be3 {[%emt 0:00:05]} Be7 {[%emt 0:00:05]} 9. Qd2 {[%emt 0:00:08]} O-O {[%emt 0:00:06]} 10. O-O-O {[%emt 0:00:17]} a5 {[%emt 0:00:07]} 11. Kb1 {[%emt 0:00:24]} a4 {[%emt 0:00:00]} 12. Nc1 {[%emt 0:00:34]} a3 {[%emt 0:00:00]} 13. b3 {[%emt 0:00:09]} Ra5 {[%emt 0:06:59]} 14. Na4 {[%emt 0:05:55]} Rxa4 {[%emt 0:01:39]} 15. bxa4 {[%emt 0:01:33]} d5 {[%emt 0:00:09]} 16. exd5 {[%emt 0:00:44]} Nxd5 {[%emt 0:01:04]} 17. Bc4 {[%emt 0:01:07]} Bb4 {[%emt 0:00:00]} 18. Qd3 {[%emt 0:01:50]} Nc3+ {[%emt 0:00:00]} 19. Qxc3 {[%emt 0:00:45]} Bxc3 {[%emt 0:00:21]} 20. Rxd8 {[%emt 0:00:00]} Rxd8 {[%emt 0:00:00]} 21. Bxe6 {[%emt 0:00:44]} fxe6 {[%emt 0:00:03]} 22. Nb3 {[%emt 0:00:10]} Nc6 {[%emt 0:01:16]} 23. Bc1 {[%emt 0:05:28]} Ra8 {[%emt 0:00:27]} 24. Bxa3 {[%emt 0:01:26]} Rxa4 {[%emt 0:00:00]} 25. Bb2 {[%emt 0:00:02]} Bd4 {[%emt 0:05:50]} 26. Re1 {[%emt 0:05:54]} Kf7 {[%emt 0:02:15]} 27. Bxd4 {[%emt 0:01:15]} exd4 {[%emt 0:00:08]} 28. Rxe6 {[%emt 0:00:19]} Kxe6 {[%emt 0:06:45]} 29. Nc5+ {[%emt 0:01:04]} Ke5 {[%emt 0:01:26]} 30. Nxa4 {[%emt 0:00:12]} Kf4 {[%emt 0:00:15]} 31. Nc5 {[%emt 0:01:00]} Ke3 {[%emt 0:00:04]} 32. Ne6 {[%emt 0:19:33]} Kf2 {[%emt 0:03:30]} 33. g3 {[%emt 0:00:47]} Kxf3 {[%emt 0:03:24]} 34. Nxg7 {[%emt 0:00:30]} Kg2 {[%emt 0:02:56]} 35. Ne8 {[%emt 0:04:13]} Ne5 {[%emt 0:00:21]} 36. Nf6 {[%emt 0:01:31]} h6 {[%emt 0:00:00]} 37. Ng8 {[%emt 0:03:11]} Ng4 {[%emt 0:01:20]} 38. Ne7 {[%emt 0:00:00]} Kxh2 {[%emt 0:06:11]} 39. Nf5 {[%emt 0:00:28]} h5 {[%emt 0:00:48]} 40. Kc1 {[%emt 0:02:32]} Nf6 {[%emt 0:00:54]} 41. Kd1 {[%emt 0:01:22]} Ne4 {[%emt 0:01:09]} 42. a4 {[%emt 0:02:33]} Nxg3 {[%emt 0:06:37]} 43. Nxd4 {[%emt 0:02:46]} Kg2 {[%emt 0:00:12]} 44. Ke1 {[%emt 0:01:03]} h4 {[%emt 0:00:58]} 45. Ne6 {[%emt 0:00:18]} Nh5 {[%emt 0:07:45]} 46. Ng5 {[%emt 0:03:39]} Nf4 {[%emt 0:04:52]} 47. a5 {[%emt 0:00:44]} Ng6 {[%emt 0:09:53]} 48. Ke2 {[%emt 0:02:42]} Ne5 {[%emt 0:00:00]} 49. Ke3 {[%emt 0:00:51]} Nf7 {[%emt 0:01:54]} 50. Ne6 {[%emt 0:00:59]} Kg3 {[%emt 0:01:47]} 51. Nf4 {[%emt 0:00:15]} Ne5 {[%emt 0:01:38]} 52. Ne2+ {[%emt 0:00:21]} Kg4 {[%emt 0:00:58]} 53. Kf2 {[%emt 0:00:30]} Nc6 {[%emt 0:00:25]} 54. Nc3 {[%emt 0:01:08]} Nxa5 {[%emt 0:00:48]} 55. Ne4 {[%emt 0:01:38]} Nc4 {[%emt 0:00:58]} 56. Nc5 {[%emt 0:00:33]} b5 {[%emt 0:00:44]} 57. Ne6 {[%emt 0:02:48]} h3 {[%emt 0:04:22]} 58. Nd4 {[%emt 0:00:21]} Nd6 {[%emt 0:01:22]} 59. Kg1 {[%emt 0:00:02]} Ne4 {[%emt 0:00:51]} 60. Kh2 {[%emt 0:01:12]} Nd6 {[%emt 0:03:50]} 1/2-1/2

[Event "1st Archibald 2019"]
[Site "Sochi"]
[Date "2019.05.12"]
[Round "1.13"]
[White "Bocharov, Dmitry"]
[Black "Bimiev, Ahmad"]
[Result "0-1"]
[WhiteElo "2530"]
[BlackElo "2196"]
[Annotator "ChessBase"]
[PlyCount "64"]
[EventDate "2019.05.12"]
[EventType "swiss"]
[EventCountry "RUS"]
[SourceTitle "playchess.com"]
[Source "ChessBase"]
[SourceQuality "1"]
[TimeControl "5400+30"]

1. e4 {[%emt 0:00:00]} e5 {[%emt 0:00:17]} 2. Nf3 {[%emt 0:00:00]} Nc6 {[%emt 0:00:08]} 3. Bb5 {[%emt 0:00:12]} a6 {[%emt 0:00:13]} 4. Ba4 {[%emt 0:00:12]} Nf6 {[%emt 0:00:21]} 5. O-O {[%emt 0:00:23]} Be7 {[%emt 0:00:58]} 6. Re1 {[%emt 0:02:01]} b5 {[%emt 0:00:00]} 7. Bb3 {[%emt 0:00:08]} d6 {[%emt 0:00:00]} 8. c3 {[%emt 0:00:27]} Nb8 {[%emt 0:01:35]} 9. d4 {[%emt 0:03:42]} Nbd7 {[%emt 0:00:20]} 10. Bxf7+ {[%emt 0:12:59]} Kxf7 {[%emt 0:00:00]} 11. Ng5+ {[%emt 0:00:37]} Kg6 {[%emt 0:00:07]} 12. f4 {[%emt 0:07:41]} exf4 {[%emt 0:02:25]} 13. Ne6 {[%emt 0:02:16]} Qg8 {[%emt 0:00:00]} 14. Nxf4+ {[%emt 0:00:14]} Kf7 {[%emt 0:01:13]} 15. e5 {[%emt 0:01:29]} dxe5 {[%emt 0:06:47]} 16. dxe5 {[%emt 0:01:01]} Nxe5 {[%emt 0:00:00]} 17. Rxe5 {[%emt 0:01:27]} Bd6 {[%emt 0:00:58]} 18. Re1 {[%emt 0:06:33]} Bg4 {[%emt 0:10:10]} 19. Qc2 {[%emt 0:06:33]} Re8 {[%emt 0:03:05]} 20. Rf1 {[%emt 0:00:09]} Bxf4 {[%emt 0:27:05]} 21. Bxf4 {[%emt 0:05:58]} Re2 {[%emt 0:00:00]} 22. Qd3 {[%emt 0:08:55]} Qa8 {[%emt 0:00:47]} 23. Qg3 {[%emt 0:00:07]} h5 {[%emt 0:10:59]} 24. Bg5 {[%emt 0:19:52]} Qa7+ {[%emt 0:00:23]} 25. Kh1 {[%emt 0:00:18]} Qc5 {[%emt 0:00:39]} 26. Bxf6 {[%emt 0:03:14]} gxf6 {[%emt 0:00:00]} 27. b4 {[%emt 0:04:33]} Qc6 {[%emt 0:00:23]} 28. Na3 {[%emt 0:02:16]} Rg8 {[%emt 0:04:04]} 29. Rae1 {[%emt 0:06:22]} h4 {[%emt 0:04:35]} 30. Qxg4 {[%emt 0:01:34]} Rxg4 {[%emt 0:00:32]} 31. Rxe2 {[%emt 0:00:07]} h3 {[%emt 0:00:00]} 32. Rff2 {[%emt 0:00:08]} Rxb4 {[%emt 0:04:26]} 0-1

[Event "1st Archibald 2019"]
[Site "Sochi"]
[Date "2019.05.12"]
[Round "1.14"]
[White "Mikhailovsky, Vladimir"]
[Black "Korneev, Oleg"]
[Result "1/2-1/2"]
[WhiteElo "2180"]
[BlackElo "2530"]
[Annotator "ChessBase"]
[PlyCount "120"]
[EventDate "2019.05.12"]
[EventType "swiss"]
[EventCountry "RUS"]
[SourceTitle "playchess.com"]
[Source "ChessBase"]
[SourceQuality "1"]
[TimeControl "5400+30"]

1. d4 {[%emt 0:00:00]} Nf6 {[%emt 0:00:00]} 2. c4 {[%emt 0:00:00]} e6 {[%emt 0:00:00]} 3. Nf3 {[%emt 0:00:00]} d5 {[%emt 0:00:00]} 4. Nc3 {[%emt 0:00:01]} c6 {[%emt 0:00:00]} 5. e3 {[%emt 0:01:09]} Nbd7 {[%emt 0:01:28]} 6. Bd3 {[%emt 0:01:58]} dxc4 {[%emt 0:00:00]} 7. Bxc4 {[%emt 0:00:00]} b5 {[%emt 0:00:05]} 8. Bd3 {[%emt 0:07:27]} a6 {[%emt 0:00:00]} 9. O-O {[%emt 0:03:11]} c5 {[%emt 0:00:07]} 10. Qe2 {[%emt 0:02:53]} Bb7 {[%emt 0:00:13]} 11. Rd1 {[%emt 0:00:41]} Rc8 {[%emt 0:07:59]} 12. e4 {[%emt 0:06:25]} cxd4 {[%emt 0:00:14]} 13. Nxd4 {[%emt 0:01:19]} Bc5 {[%emt 0:04:02]} 14. Be3 {[%emt 0:13:58]} O-O {[%emt 0:07:00]} 15. f3 {[%emt 0:09:18]} Qc7 {[%emt 0:05:30]} 16. Rac1 {[%emt 0:02:02]} Qb8 {[%emt 0:02:20]} 17. Nb3 {[%emt 0:09:28]} Bd6 {[%emt 0:02:32]} 18. g3 {[%emt 0:00:32]} Ne5 {[%emt 0:06:45]} 19. Qf2 {[%emt 0:04:07]} Nxd3 {[%emt 0:13:22]} 20. Rxd3 {[%emt 0:00:03]} Be5 {[%emt 0:00:13]} 21. Rcd1 {[%emt 0:03:53]} Rcd8 {[%emt 0:05:28]} 22. Bd4 {[%emt 0:03:35]} Bxd4 {[%emt 0:03:33]} 23. Rxd4 {[%emt 0:00:33]} Rc8 {[%emt 0:01:40]} 24. Rd6 {[%emt 0:01:15]} b4 {[%emt 0:06:30]} 25. Na4 {[%emt 0:03:53]} Nd5 {[%emt 0:04:58]} 26. Rd7 {[%emt 0:01:45]} Bc6 {[%emt 0:03:54]} 27. Nac5 {[%emt 0:00:36]} Qb5 {[%emt 0:04:34]} 28. Rd6 {[%emt 0:04:35]} Nf6 {[%emt 0:04:02]} 29. a4 {[%emt 0:06:20]} bxa3 {[%emt 0:00:00]} 30. bxa3 {[%emt 0:00:01]} a5 {[%emt 0:02:36]} 31. a4 {[%emt 0:00:42]} Qb6 {[%emt 0:02:58]} 32. Kg2 {[%emt 0:04:38]} h5 {[%emt 0:01:45]} 33. Qd2 {[%emt 0:01:10]} Ne8 {[%emt 0:07:53]} 34. Rd8 {[%emt 0:00:37]} Nf6 {[%emt 0:04:25]} 35. Rxf8+ {[%emt 0:01:30]} Rxf8 {[%emt 0:00:10]} 36. Qxa5 {[%emt 0:00:22]} Qxa5 {[%emt 0:00:34]} 37. Nxa5 {[%emt 0:00:03]} Bxa4 {[%emt 0:00:09]} 38. Nxa4 {[%emt 0:03:03]} Ra8 {[%emt 0:00:00]} 39. Nc6 {[%emt 0:00:41]} Rxa4 {[%emt 0:00:00]} 40. Rd8+ {[%emt 0:00:04]} Kh7 {[%emt 0:00:07]} 41. Ne5 {[%emt 0:00:04]} Ra2+ {[%emt 0:00:43]} 42. Kh3 {[%emt 0:00:02]} g5 {[%emt 0:00:56]} 43. Rf8 {[%emt 0:02:21]} g4+ {[%emt 0:00:09]} 44. Kh4 {[%emt 0:00:19]} Kh6 {[%emt 0:01:12]} 45. h3 {[%emt 0:00:25]} gxh3 {[%emt 0:01:36]} 46. Kxh3 {[%emt 0:00:33]} Nh7 {[%emt 0:00:08]} 47. Nxf7+ {[%emt 0:01:06]} Kg7 {[%emt 0:00:02]} 48. Rh8 {[%emt 0:00:07]} Nf6 {[%emt 0:00:39]} 49. e5 {[%emt 0:00:30]} Nd5 {[%emt 0:00:08]} 50. Rxh5 {[%emt 0:00:19]} Kxf7 {[%emt 0:00:00]} 51. Rh6 {[%emt 0:00:50]} Ra3 {[%emt 0:01:30]} 52. Kg4 {[%emt 0:00:32]} Ne3+ {[%emt 0:00:00]} 53. Kg5 {[%emt 0:00:05]} Nf5 {[%emt 0:00:49]} 54. Rf6+ {[%emt 0:00:24]} Ke7 {[%emt 0:00:32]} 55. g4 {[%emt 0:00:12]} Nd4 {[%emt 0:01:17]} 56. f4 {[%emt 0:00:12]} Rg3 {[%emt 0:00:35]} 57. Rh6 {[%emt 0:00:28]} Nf3+ {[%emt 0:00:22]} 58. Kh5 {[%emt 0:00:07]} Rh3+ {[%emt 0:00:13]} 59. Kg6 {[%emt 0:00:02]} Rxh6+ {[%emt 0:00:51]} 60. Kxh6 {[%emt 0:00:06]} Kf7 {[%emt 0:00:02]} 1/2-1/2

[Event "1st Archibald 2019"]
[Site "Sochi"]
[Date "2019.05.12"]
[Round "1.15"]
[White "Kotsur, Pavel"]
[Black "Novikov, Evgenij"]
[Result "1-0"]
[WhiteElo "2527"]
[BlackElo "2148"]
[Annotator "ChessBase"]
[PlyCount "115"]
[EventDate "2019.05.12"]
[EventType "swiss"]
[EventCountry "RUS"]
[SourceTitle "playchess.com"]
[Source "ChessBase"]
[SourceQuality "1"]
[TimeControl "5400+30"]

1. e4 {[%emt 0:00:00]} c6 {[%emt 0:00:00]} 2. c4 {[%emt 0:01:01]} d5 {[%emt 0:00:12]} 3. exd5 {[%emt 0:00:00]} cxd5 {[%emt 0:00:05]} 4. cxd5 {[%emt 0:00:11]} Nf6 {[%emt 0:03:02]} 5. Qa4+ {[%emt 0:02:26]} Nbd7 {[%emt 0:03:46]} 6. Nc3 {[%emt 0:01:05]} g6 {[%emt 0:00:31]} 7. Nf3 {[%emt 0:00:34]} Bg7 {[%emt 0:00:27]} 8. Bc4 {[%emt 0:00:12]} O-O {[%emt 0:00:46]} 9. d3 {[%emt 0:00:09]} a6 {[%emt 0:13:24]} 10. Qa3 {[%emt 0:00:23]} b6 {[%emt 0:10:59]} 11. O-O {[%emt 0:11:05]} Bb7 {[%emt 0:00:36]} 12. Qb4 {[%emt 0:09:37]} Nc5 {[%emt 0:07:08]} 13. Bg5 {[%emt 0:07:43]} Rc8 {[%emt 0:16:04]} 14. a4 {[%emt 0:14:03]} h6 {[%emt 0:13:54]} 15. Be3 {[%emt 0:12:03]} a5 {[%emt 0:01:55]} 16. Qa3 {[%emt 0:01:34]} Nxd5 {[%emt 0:00:07]} 17. Nxd5 {[%emt 0:00:02]} Bxd5 {[%emt 0:00:05]} 18. Bxd5 {[%emt 0:00:34]} Qxd5 {[%emt 0:00:04]} 19. d4 {[%emt 0:00:02]} Ne6 {[%emt 0:03:43]} 20. Qxe7 {[%emt 0:00:10]} Nxd4 {[%emt 0:01:17]} 21. Nxd4 {[%emt 0:03:49]} Bxd4 {[%emt 0:00:11]} 22. Rad1 {[%emt 0:00:44]} Qc5 {[%emt 0:00:33]} 23. Qxc5 {[%emt 0:00:24]} Bxc5 {[%emt 0:00:30]} 24. Bxh6 {[%emt 0:00:12]} Rfe8 {[%emt 0:00:27]} 25. g3 {[%emt 0:08:44]} Re2 {[%emt 0:05:45]} 26. b3 {[%emt 0:04:05]} Rb2 {[%emt 0:00:15]} 27. Rd3 {[%emt 0:00:12]} Re8 {[%emt 0:00:17]} 28. Bg5 {[%emt 0:02:15]} Re6 {[%emt 0:08:34]} 29. Bc1 {[%emt 0:06:57]} Rc2 {[%emt 0:02:34]} 30. Bd2 {[%emt 0:03:08]} Re2 {[%emt 0:01:18]} 31. Bc3 {[%emt 0:00:17]} f5 {[%emt 0:00:16]} 32. Bd4 {[%emt 0:00:38]} Kf7 {[%emt 0:02:09]} 33. Bxc5 {[%emt 0:00:32]} Rxc5 {[%emt 0:00:21]} 34. Rd7+ {[%emt 0:02:48]} Re7 {[%emt 0:00:42]} 35. Rfd1 {[%emt 0:00:27]} b5 {[%emt 0:02:58]} 36. R1d5 {[%emt 0:00:49]} Rc1+ {[%emt 0:00:38]} 37. Kg2 {[%emt 0:00:04]} Rxd7 {[%emt 0:01:33]} 38. Rxd7+ {[%emt 0:00:08]} Ke6 {[%emt 0:00:04]} 39. Ra7 {[%emt 0:02:17]} bxa4 {[%emt 0:00:00]} 40. bxa4 {[%emt 0:00:00]} Rc5 {[%emt 0:00:08]} 41. f4 {[%emt 0:00:53]} Kd5 {[%emt 0:02:06]} 42. Ra6 {[%emt 0:01:26]} Kc4 {[%emt 0:00:04]} 43. Rb6 {[%emt 0:00:50]} Kc3 {[%emt 0:01:24]} 44. h4 {[%emt 0:03:18]} Rc4 {[%emt 0:00:20]} 45. Rxg6 {[%emt 0:00:08]} Rxa4 {[%emt 0:00:28]} 46. h5 {[%emt 0:00:45]} Ra2+ {[%emt 0:00:29]} 47. Kh3 {[%emt 0:00:06]} Ra1 {[%emt 0:00:09]} 48. Kh4 {[%emt 0:00:11]} a4 {[%emt 0:00:20]} 49. Kg5 {[%emt 0:00:30]} Rh1 {[%emt 0:00:51]} 50. Ra6 {[%emt 0:00:33]} Kb3 {[%emt 0:00:07]} 51. Kxf5 {[%emt 0:02:08]} Rxh5+ {[%emt 0:00:11]} 52. Kg6 {[%emt 0:00:10]} Rh1 {[%emt 0:01:37]} 53. g4 {[%emt 0:00:45]} a3 {[%emt 0:00:04]} 54. f5 {[%emt 0:00:06]} a2 {[%emt 0:00:05]} 55. f6 {[%emt 0:00:12]} Rh4 {[%emt 0:01:24]} 56. Rxa2 {[%emt 0:01:10]} Rxg4+ {[%emt 0:00:21]} 57. Kf5 {[%emt 0:00:03]} Rg1 {[%emt 0:00:28]} 58. Rf2 {[%emt 0:00:08]} 1-0